How to win friends & influence people / (Record no. 17786)
[ view plain ]
| 000 -LEADER | |
|---|---|
| fixed length control field | 00997cam a22002775a 4500 |
| 005 - DATE AND TIME OF LATEST TRANSACTION | |
| control field | 20190530134242.0 |
| 008 - FIXED-LENGTH DATA ELEMENTS--GENERAL INFORMATION | |
| fixed length control field | 930802s2010 nyu gr 001 0 eng d |
| 020 ## - INTERNATIONAL STANDARD BOOK NUMBER | |
| International Standard Book Number | 9781439199190 |
| 040 ## - CATALOGING SOURCE | |
| Original cataloging agency | EG-ScBUE |
| Language of cataloging | eng |
| Transcribing agency | EG-ScBUE |
| Modifying agency | EG-ScBUE |
| 082 04 - DEWEY DECIMAL CLASSIFICATION NUMBER | |
| Classification number | 158.1 |
| Item number | CAR |
| Edition number | 22 |
| 100 1# - MAIN ENTRY--PERSONAL NAME | |
| Personal name | Carnegie, Dale, |
| Dates associated with a name | 1888-1955. |
| 9 (RLIN) | 24786 |
| 245 10 - TITLE STATEMENT | |
| Title | How to win friends & influence people / |
| Statement of responsibility, etc | Dale Carnegie ; editorial consultant Dorothy Carnegie, editorial assistance Arthur R. Pell. |
| 250 ## - EDITION STATEMENT | |
| Edition statement | Revised ed. |
| 260 ## - PUBLICATION, DISTRIBUTION, ETC. (IMPRINT) | |
| Place of publication, distribution, etc | New York : |
| Name of publisher, distributor, etc | Pocket Books / Simon and Schuster, |
| Date of publication, distribution, etc | 2010. |
| 300 ## - PHYSICAL DESCRIPTION | |
| Extent | xxv, 276 p. ; |
| Dimensions | 18 cm. |
| 504 ## - BIBLIOGRAPHY, ETC. NOTE | |
| Bibliography, etc | Includes bibliographical references and index. |
| 650 #7 - SUBJECT ADDED ENTRY--TOPICAL TERM | |
| Topical term or geographic name as entry element | Success. |
| Source of heading or term | BUEsh |
| 650 #7 - SUBJECT ADDED ENTRY--TOPICAL TERM | |
| Topical term or geographic name as entry element | Psychology, Applied. |
| Source of heading or term | BUEsh |
| 650 #7 - SUBJECT ADDED ENTRY--TOPICAL TERM | |
| Topical term or geographic name as entry element | Leadership. |
| Source of heading or term | BUEsh |
| 650 #7 - SUBJECT ADDED ENTRY--TOPICAL TERM | |
| Topical term or geographic name as entry element | Persuasion (Psychology) |
| Source of heading or term | BUEsh |
| 9 (RLIN) | 19440 |
| 651 ## - SUBJECT ADDED ENTRY--GEOGRAPHIC NAME | |
| Source of heading or term | BUEsh |
| 653 ## - INDEX TERM--UNCONTROLLED | |
| Resource For college | Generalities |
| Arrived date list | December2013 |
| -- | May2019 |
| 700 1# - ADDED ENTRY--PERSONAL NAME | |
| Personal name | Carnegie, Dorthy |
| Relator term | editor. |
| 9 (RLIN) | 34559 |
| 700 1# - ADDED ENTRY--PERSONAL NAME | |
| Personal name | Pell, Arthur R. |
| Relator term | editor. |
| 9 (RLIN) | 34560 |
| 942 ## - ADDED ENTRY ELEMENTS (KOHA) | |
| Source of classification or shelving scheme | Dewey Decimal Classification |
| Withdrawn status | Item status | Source of classification or shelving scheme | Damaged status | Not for loan | Vendor | Home library | Current library | Shelving location | Date acquired | Source of acquisition | Cost, normal purchase price | Total Checkouts | Total Renewals | Full call number | Barcode | Date last seen | Date last borrowed | Cost, replacement price | Koha item type |
|---|---|---|---|---|---|---|---|---|---|---|---|---|---|---|---|---|---|---|---|
| Dewey Decimal Classification | سور الازبكية | Central Library | Central Library | Lower Floor | 05/12/2013 | Purchase | 25.00 | 16 | 99 | 158.1 CAR | 000029699 | 24/08/2022 | 31/07/2022 | 31.25 | Book - Borrowing | ||||
| Dewey Decimal Classification | Donation-Gift | Central Library | Central Library | Lower Floor | 30/05/2019 | Donation | 6 | 45 | 158.1 CAR | 000047896 | 04/12/2023 | 13/02/2023 | Book - Borrowing |